000 00823cab a2200253 4500
001 ABS56278
008 090401t1996 xxu||||| |||| 00| 0 eng d
035 _a(Sirsi) u22489
041 _aeng
100 _aLundstrom, S.
245 _aValuation of public real estate: context and concept
260 _c1996
350 _a0
490 _aJournal of Property Valuation and Investment
_v14(4) 1996, 31-40(10)
520 _aConsiders how the valuation of public sector property assets might differ from the valuation of privately owned real estate. References. (Authors are Swedish).
650 _aASSET VALUATION
650 _aPRIVATISATION
650 _aPUBLIC SECTOR PROPERTY
650 _aVALUATION TECHNIQUES
690 _aRATING AND VALUATION
700 _aLind, H.
942 _n0
948 _c04/03/1997
999 _c15070
_d15070